|
|
|
|
| LEADER |
00000cam a2200000 a 4500 |
| 001 |
vtls001061867 |
| 003 |
SK-MaSNL |
| 005 |
20260301061754.0 |
| 008 |
240226s1990 xo al drp 000 0 slo |
| 015 |
|
|
|a SNBA1990/08
|
| 020 |
|
|
|a 8007003088
|q (viazané)
|
| 035 |
|
|
|a SNK000004695
|
| 035 |
|
|
|a 9203D4D7-2CF3-4088-9FB9-6B88A4FCDB3F
|
| 035 |
|
|
|a urn:nbn:sk:snk-am00ih54
|
| 040 |
|
|
|a SNK
|b slo
|c SNK
|e AACR2
|
| 041 |
1 |
|
|a slo
|h cze
|
| 044 |
|
|
|a xo
|c SK
|
| 072 |
|
7 |
|a 636
|x Chov zvierat. Živočíšna výroba
|2 konspekt
|
| 072 |
|
7 |
|a 37.016
|x Učebné osnovy. Vyučovacie predmety. Učebnice
|2 konspekt
|
| 080 |
|
|
|a 636.084(075.3)
|2 1981
|
| 080 |
|
|
|a 636.1/.5
|2 2011
|
| 080 |
|
|
|a 636.084.4
|2 2011
|
| 080 |
|
|
|a 636.084
|2 2011
|
| 080 |
|
|
|a (075.3)
|2 2011
|
| 100 |
1 |
|
|a Burda, František
|4 aut
|9 197600
|
| 245 |
1 |
0 |
|a Výživa a kŕmenie hospodárskych zvierat
|c František Burda ; [preklad: Daniela Križiková]
|
| 250 |
|
|
|a 1. vyd.
|
| 260 |
|
|
|a Bratislava
|b Príroda
|c 1990
|e Nitra
|f Nitrianske tlačiarne
|
| 300 |
|
|
|a 232 strán
|b ilustrácie, tabuľky
|c 21 cm
|
| 366 |
|
|
|e 200 výtl.
|
| 500 |
|
|
|a Pravdepodobne preložené z češtiny
|
| 650 |
0 |
7 |
|a hospodárske zvieratá
|2 SNKPH
|9 1097
|
| 650 |
0 |
7 |
|a výživa hospodárskych zvierat
|2 SNKPH
|9 2833
|
| 650 |
0 |
7 |
|a kŕmenie hospodárskych zvierat
|2 SNKPH
|9 2810
|
| 655 |
|
7 |
|a učebnice stredných škôl
|2 SNKPH
|9 69323
|
| 700 |
1 |
|
|a Križiková, Daniela
|4 trl
|9 45042
|
| 852 |
|
|
|a Slovenská národná knižnica
|
| 919 |
|
|
|a 80-07-00308-8
|
| 954 |
|
|
|a odborná, vedecká literatúra cudzojazyčná (svetová)
|2 lita
|
| 958 |
|
|
|a UC
|
| 958 |
|
|
|a NB
|
| 958 |
|
|
|a TL
|
| 958 |
|
|
|a OND
|
| 968 |
|
|
|b ČES
|
| 999 |
|
|
|c 618264
|d 620194
|
| 952 |
|
|
|a SNK
|b SNK
|y VYP
|7 0
|p 17A0361500
|o snkSC 77175 D2
|i snkKSP 13151/2002
|0 0
|1 0
|4 0
|d 2002-10-31
|l 0
|r 2004-12-31 00:00:00
|w 2026-02-23
|
| 952 |
|
|
|a SNK
|b SNK
|y PREZ
|7 0
|p 17A0965776
|o snkSC 77175
|i snkKSP 4895/90
|0 0
|1 0
|4 0
|d 2012-08-13
|f 1
|l 0
|r 2026-02-23 16:45:39
|w 2026-02-23
|
| 952 |
|
|
|a SNK
|b SNK
|y VYP
|7 0
|p 17A0036251
|o snkSC 77175 D1
|0 0
|1 0
|4 0
|d 1997-02-11
|l 0
|r 2004-12-31 00:00:00
|w 2026-02-23
|